Britain's Economic Performance
Gespeichert in:
| Format: | Buch |
|---|---|
| Sprache: | Englisch |
| Veröffentlicht: |
London
Routledge
1994
|
| Schlagworte: | |
| Tags: |
Keine Tags, Fügen Sie das erste Tag hinzu!
|
MARC
| LEADER | 00000nam a2200000 4500 | ||
|---|---|---|---|
| 001 | c013051 | ||
| 005 | 20230118081211.8 | ||
| 020 | |a 0-415-10873-X | ||
| 041 | 0 | |a eng | |
| 044 | |a GB | ||
| 245 | 1 | 0 | |a Britain's Economic Performance |
| 264 | 1 | |a London |b Routledge |c 1994 | |
| 300 | |a 438 s. | ||
| 610 | 2 | 0 | |a hospodárstvo národné |
| 610 | 2 | 0 | |a politika hospodárska |
| 610 | 2 | 0 | |a situácia hospodárska |
| 610 | 2 | 0 | |a Veľká Británia |